书目信息 |
| 题名: |
支撑服务武汉市规划建设与绿色发展地质环境图集
|
|
| 作者: | 黄长生 主编 ;中国地质调查局 编著 | |
| 分册: | ||
| 出版信息: | 武汉 中国地质大学出版社 2019.08 |
|
| 页数: | X, 89页 | |
| 开本: | 40cm | |
| 丛书名: | ||
| 单 册: | ||
| 中图分类: | X141-64 | |
| 科图分类: | ||
| 主题词: | 地质环境--di zhi huan jing--武汉--图集 | |
| 电子资源: | ||
| ISBN: | 978-7-5625-4542-2 | |
| 000 | 01337nam0 2200277 450 | |
| 001 | 0100016016 | |
| 005 | 20200929160439.0 | |
| 010 | @a978-7-5625-4542-2@b精装@dCNY298.00 | |
| 100 | @a20200302d2019 em y0chiy50 ea | |
| 101 | 0 | @achi |
| 102 | @aCN@b420000 | |
| 105 | @aab z 000yy | |
| 106 | @ar | |
| 200 | 1 | @a支撑服务武汉市规划建设与绿色发展地质环境图集@Azhi cheng fu wu wu han shi gui hua jian she yu lv se fa zhan di zhi huan jing tu ji@f中国地质调查局武汉地质调查中心 ... [等] 编著 |
| 210 | @a武汉@c中国地质大学出版社@d2019.08 | |
| 215 | @aX, 89页@c彩图, 地图@d40cm | |
| 300 | @a中国地质调查成果CGS 2019-017 “武汉多要素城市地质调查”项目资助 | |
| 304 | @a题名页题其余责任者: 武汉市自然资源和规划局, 武汉市测绘研究院, 湖北省地质局, 中国地质科学院地质力学研究所 | |
| 314 | @a书内题: 黄长生等主编 | |
| 330 | @a本书从武汉市基本地理国情、国土空间开发地质适宜性评价、城市建设应关注的重大地质安全问题、产业发展可利用的优势资源、生态环境保护需要重视的资源环境状况以及基础地质条件等内容进行图面展示和说明。 | |
| 606 | 0 | @a地质环境@Adi zhi huan jing@y武汉@j图集 |
| 690 | @aX141-64@v5 | |
| 701 | 0 | @a黄长生@Ahuang chang sheng@4主编 |
| 712 | 02 | @a中国地质调查局@Azhong guo di zhi diao cha ju@b武汉地质调查中心@Bwu han di zhi diao cha zhong xin@4编著 |
| 801 | 0 | @aCN@c20200302 |
| 905 | @a河南城建学院图书馆@dX141-64@f1@eH816 | |
| 支撑服务武汉市规划建设与绿色发展地质环境图集/中国地质调查局武汉地质调查中心 ... [等] 编著.-武汉:中国地质大学出版社,2019.08 |
| X, 89页:彩图, 地图;40cm |
| 中国地质调查成果CGS 2019-017 “武汉多要素城市地质调查”项目资助 |
| ISBN 978-7-5625-4542-2(精装):CNY298.00 |
| 本书从武汉市基本地理国情、国土空间开发地质适宜性评价、城市建设应关注的重大地质安全问题、产业发展可利用的优势资源、生态环境保护需要重视的资源环境状况以及基础地质条件等内容进行图面展示和说明。 |
| ● |
| 相关链接 |
|
|
|
正题名:支撑服务武汉市规划建设与绿色发展地质环境
索取号:X141-64/H816
 
预约/预借
| 序号 | 登录号 | 条形码 | 馆藏地/架位号 | 状态 | 备注 |
| 1 | 1492841 | 214928417 | 自科库501/501自科库 62排4列5层/ [索取号:X141-64/H816] | 在馆 |